000 00696nab a22002297a 4500
001 08095
003 HDC
007 cr bn ---aaaaa
008 210128c20170802my ||||| |||| 00| 0 may d
040 _aHDC
245 0 _aKKM siasat ubat kunyah rawat rabun
336 _atext
_2rdacontent
337 _acomputer
_2rdamedia
338 _aonline resource
_2rdacarrier
650 _aDrug Abuse
_98197
650 _aInvestigation
_98618
710 _aHarian Metro
856 _zRequest full-text at [email protected]
942 _2lcc
942 _cNEWS
942 _kNWSC 002059
999 _c5418
_d5418